Applied filipino philosophy (Record no. 1689)
[ view plain ]
| 000 -LEADER | |
|---|---|
| fixed length control field | 00508nam a22001817a 4500 |
| 003 - CONTROL NUMBER IDENTIFIER | |
| control field | URS |
| 005 - DATE AND TIME OF LATEST TRANSACTION | |
| control field | 20220114141821.0 |
| 008 - FIXED-LENGTH DATA ELEMENTS--GENERAL INFORMATION | |
| fixed length control field | 190412s1988 ph |||| |||| 00| 0 eng d |
| 020 ## - INTERNATIONAL STANDARD BOOK NUMBER | |
| International Standard Book Number | 9711060043 |
| 040 ## - CATALOGING SOURCE | |
| Transcribing agency | URS |
| Language of cataloging | eng |
| Modifying agency | rda |
| 050 14 - LIBRARY OF CONGRESS CALL NUMBER | |
| Classification number | B 161 |
| Item number | M553 1988 |
| 100 ## - MAIN ENTRY--PERSONAL NAME | |
| Personal name | Mercado. Leandro N. |
| 245 ## - TITLE STATEMENT | |
| Title | Applied filipino philosophy |
| Statement of responsibility, etc. | Leandro N. Mercado |
| 260 ## - PUBLICATION, DISTRIBUTION, ETC. | |
| Place of publication, distribution, etc. | Tacloban city: |
| Name of publisher, distributor, etc. | Divine Word University Publications, |
| Date of publication, distribution, etc. | [1988] |
| 300 ## - PHYSICAL DESCRIPTION | |
| Extent | xi,98 pages |
| Dimensions | 22 cm. |
| 504 ## - BIBLIOGRAPHY, ETC. NOTE | |
| Bibliography, etc. note | Includes Index |
| 942 ## - ADDED ENTRY ELEMENTS (KOHA) | |
| Koha item type | Filipiniana |
| Source of classification or shelving scheme | Library of Congress Classification |
| Withdrawn status | Source of classification or shelving scheme | Damaged status | Not for loan | Collection code | Home library | Current library | Date acquired | Total Checkouts | Full call number | Barcode | Date last seen | Price effective from | Koha item type |
|---|---|---|---|---|---|---|---|---|---|---|---|---|---|
| Library of Congress Classification | Non-fiction | Cainta College Library | Cainta College Library | 01/08/2016 | B 161.M553 1988 | URSCAI-972 | 07/05/2017 | 01/21/2019 | Filipiniana |